LEADER 01075nam0-22003611i-450- 001 990003992530403321 005 20090508123750.0 010 $a0-471-34846-5 035 $a000399253 035 $aFED01000399253 035 $a(Aleph)000399253FED01 035 $a000399253 100 $a20040121d2001----km-y0itay50------ba 101 0 $aeng 102 $aUS 105 $aa---a---001yy 200 1 $a<>introduction to probability and statistics$fVijay K. Rohatgi, A.K. Md. Ehsanes Saleh 205 $a2nd ed. 210 $aNew York$cWiley$d©2001 215 $aXIV,716 p.$cill.$d24 cm 225 1 $aWiley series in probability and statistics 610 0 $aProbabilitą$aStatistica 610 0 $aStatistica matematica 676 $a519.2 700 1$aRohatgi,$bVijay K.$058637 701 1$aSaleh,$bA. K. Md. Ehsanes$0150888 801 0$aIT$bUNINA$gRICA$2UNIMARC 901 $aBK 912 $a990003992530403321 952 $a10 B II 753$bDIEL 3082$fDINEL 959 $aDINEL 996 $aIntroduction to probability and statistics$9474438 997 $aUNINA LEADER 03228nam 2200613 450 001 9910827633103321 005 20170822144322.0 010 $a1-4704-1058-3 035 $a(CKB)3780000000000153 035 $a(EBL)3114146 035 $a(SSID)ssj0000938805 035 $a(PQKBManifestationID)11501969 035 $a(PQKBTitleCode)TC0000938805 035 $a(PQKBWorkID)10926590 035 $a(PQKB)10749822 035 $a(MiAaPQ)EBC3114146 035 $a(RPAM)17765998 035 $a(PPN)19540842X 035 $a(EXLCZ)993780000000000153 100 $a20150417h20132013 uy 0 101 0 $aeng 135 $aur|n|---||||| 181 $ctxt 182 $cc 183 $acr 200 10$a3-manifold groups are virtually residually p /$fMatthias Aschenbrenner, Stefan Friedl 210 1$aProvidence, Rhode Island :$cAmerican Mathematical Society,$d2013. 210 4$d©2013 215 $a1 online resource (114 p.) 225 1 $aMemoirs of the American Mathematical Society,$x1947-6221 ;$vVolume 225, Number 1058 300 $a"Volume 225, Number 1058 (third of 4 numbers)." 311 $a0-8218-8801-3 320 $aIncludes bibliographical references and index. 327 $a""Contents""; ""Introduction""; ""The main result""; ""Applications""; ""Properties of linear groups and 3-manifold groups""; ""Outline of the proof strategy""; ""A more general theorem?""; ""Graph manifolds""; ""Guide for the reader""; ""Conventions and notations""; ""Acknowledgments""; ""Chapter 1. Preliminaries""; ""1.1. Filtrations of groups""; ""1.2. Graphs of groups""; ""Chapter 2. Embedding Theorems for -Groups""; ""2.1. An amalgamation theorem for filtered -groups""; ""2.2. Extending partial automorphisms to inner automorphisms"" 327 $a""Chapter 3. Residual Properties of Graphs of Groups""""3.1. Root properties and fundamental groups of graphs of groups""; ""3.2. A criterion for being residually ""; ""3.3. Unfolding a graph of groups""; ""3.4. A criterion for being virtually residually ""; ""Chapter 4. Proof of the Main Results""; ""4.1. -compatible filtrations""; ""4.2. -compatible filtrations of linear groups""; ""4.3. Proof of the main theorem""; ""4.4. A localization theorem""; ""4.5. Fibered 3-manifolds""; ""Chapter 5. The Case of Graph Manifolds""; ""5.1. -efficiency""; ""5.2. Cohomological -completeness"" 327 $a""5.3. Virtual -efficiency for arbitrary 3-manifolds?""""5.4. The mod homology graph""; ""Bibliography""; ""Index"" 410 0$aMemoirs of the American Mathematical Society ;$vVolume 225, Number 1058. 517 3 $aThree-manifold groups are virtually residually p 606 $aGroup theory 606 $aThree-manifolds (Topology) 606 $aFundamental groups (Mathematics) 615 0$aGroup theory. 615 0$aThree-manifolds (Topology) 615 0$aFundamental groups (Mathematics) 676 $a514.34 700 $aAschenbrenner$b Matthias$f1972-$0766973 702 $aFriedl$b Stefan$f1973- 801 0$bMiAaPQ 801 1$bMiAaPQ 801 2$bMiAaPQ 906 $aBOOK 912 $a9910827633103321 996 $a3-manifold groups are virtually residually p$93961930 997 $aUNINA LEADER 03284oam 22007694a 450 001 9910213818403321 005 20240418033957.0 010 $a9780585269254 010 $a9786613266811 010 $a9781283266819 010 $a1283266814 010 $a9780874213522 010 $a0874213525 035 $a(CKB)111004365689110 035 $a(EBL)287145 035 $a(OCoLC)646825712 035 $a(SSID)ssj0000256067 035 $a(PQKBManifestationID)11939412 035 $a(PQKBTitleCode)TC0000256067 035 $a(PQKBWorkID)10224113 035 $a(PQKB)11234281 035 $a(MiAaPQ)EBC3442743 035 $a(OCoLC)45732533 035 $a(MdBmJHUP)muse16374 035 $a(Au-PeEL)EBL3442743 035 $a(CaPaEBR)ebr10328655 035 $a(CaONFJC)MIL326681 035 $a(OCoLC)932313468 035 $a(MiAaPQ)EBC287145 035 $a(Au-PeEL)EBL287145 035 $a(CaPaEBR)ebr11217594 035 $a(DE-B1597)715857 035 $a(DE-B1597)9780874213522 035 $a(Perlego)2041092 035 $a(EXLCZ)99111004365689110 100 $a19990722d2000 uy 0 101 0 $aeng 135 $aur|n|---||||| 181 $ctxt 182 $cc 183 $acr 200 10$aTeaching composition as a social process$fBruce McComiskey 205 $a1st ed. 210 1$aLogan, Utah :$cUtah State University Press,$d2000. 210 4$d©2000. 215 $a1 online resource (160 p.) 300 $aDescription based upon print version of record. 311 08$a9780874212839 311 08$a0874212839 320 $aIncludes bibliographical references (p. [139]-144) and index. 327 $aAcknowledgments -- Introduction -- Three levels of composing -- Social-process rhetorical inquiry -- The post-process movement in composition studies -- Composing postmodern subjectivities in the aporia between identity and difference -- Critical discourse analysis in the composition class -- Writing in context -- Works cited -- Index -- About the author. 330 $aBruce McComiskey is a strong advocate of social approaches to teaching writing. However, he opposes composition teaching that relies on cultural theory for content, because it too often prejudges the ethical character of institutions and reverts unnecessarily to product-centered practices in the classroom. He opposes what he calls the ""read-this-essay-and-do-what-the-author-did method of writing instruction: read Roland Barthes's essay 'Toys' and write a similar essay; read John Fiske's essay on TV and critique a show."" McComiskey argues for teaching writing a 606 $aRhetoric and psychology 606 $aReport writing$xStudy and teaching$xSocial aspects 606 $aEnglish language$xRhetoric$xStudy and teaching$xSocial aspects 615 0$aRhetoric and psychology. 615 0$aReport writing$xStudy and teaching$xSocial aspects. 615 0$aEnglish language$xRhetoric$xStudy and teaching$xSocial aspects. 676 $a808/.042/07 676 $a808.04207 700 $aMcComiskey$b Bruce$f1963-$0881606 801 0$bMdBmJHUP 801 1$bMdBmJHUP 906 $aBOOK 912 $a9910213818403321 996 $aTeaching composition as a social process$92023198 997 $aUNINA